| 000 | 02192cim a2200589 i 4500 | ||
|---|---|---|---|
| 001 | ocn746035446 | ||
| 003 | OCoLC | ||
| 005 | 20241220130656.0 | ||
| 007 | sd fungnnm-ed | ||
| 008 | 110809s2011 nyunnnnd f n eng d | ||
| 020 | _a9780739372487 | ||
| 020 | _a0739372483 | ||
| 020 | _a9780739372500 | ||
| 020 | _a0739372505 | ||
| 028 | 0 | 2 |
_aYA 1901 _bRandom House/Listening Library |
| 035 | _a858987 | ||
| 040 |
_aLPU _cLPU _dTEFBT _dBTCTA _dUPZ _dTEF _dTEFOD _dTEFBT _dGL9 _dWIQ _dVP@ _dBDX _dRECBX _dTnLvILS _dUtOrBLW _beng _erda |
||
| 092 | _aCDB | ||
| 100 | 1 |
_aPaolini, Christopher. _eauthor _950401 |
|
| 245 | 1 | 0 |
_aInheritance _h[sound recording] / _cChristopher Paolini. |
| 246 | _bInheritance Cycle | ||
| 246 | _bInheritance Cycle Book Four | ||
| 246 | _bInheritance Cycle Book 4 | ||
| 264 | 1 |
_aNew York : _bRandom House/Listening Library, _c[2011] |
|
| 300 |
_a24 audio discs (31 hr., 5 min.) : _bdigital ; _c4 3/4 in. |
||
| 336 | _aspoken word | ||
| 337 | _aaudio | ||
| 338 | _aaudio disc | ||
| 340 |
_ametal _aplastic _b4 3/4 in. _f1.4 m/s |
||
| 490 | 1 |
_aInheritance ; _vbk. 4. |
|
| 500 | _aCompact discs. | ||
| 500 | _aUnabridged. | ||
| 511 | 0 | _aRead by Gerard Doyle. | |
| 520 | _aEragon Dragon Rider and Saphira have come further than anyone dared to hope in ridding their land of tyranny. But can they topple the evil king Galbatorix and restore justice to Alagaƫsia? And if so, at what cost? | ||
| 521 | 2 | _a7-12. | |
| 521 | 8 | _aRecommended for listeners ages 12 to 17. | |
| 650 | 0 |
_aDragons _vJuvenile fiction. _95673921 |
|
| 650 | 0 |
_aMagic _vJuvenile fiction. _95673690 |
|
| 650 | 0 |
_aDragons _vFiction. _95673926 |
|
| 650 | 0 |
_aMagic _vFiction. _95673694 |
|
| 650 | 0 | _aFantasy. | |
| 650 | 1 |
_aDragons _vFiction. _95673926 |
|
| 650 | 1 |
_aMagic _vFiction. _95673694 |
|
| 650 | 1 |
_aFantasy. _96420079 |
|
| 655 | 7 |
_aChildren's audiobooks. _2lcgft _95675081 |
|
| 655 | 7 |
_aAudiobooks. _2lcgft |
|
| 700 | 1 |
_aDoyle, Gerard. _4nrt _958826 |
|
| 710 | 2 |
_aListening Library. _93988 |
|
| 800 | 1 |
_aPaolini, Christopher. _tInheritance (Listening Library) ; _vbk. 4. _970035 |
|
| 907 | _a.b265997616 | ||
| 942 |
_2ddc _cAUDIOBOOK |
||
| 999 |
_c76565 _d76565 |
||